KOHA-Header-6

Baaz deed (Record no. 7713)

000 -LEADER
fixed length control field 00254nam a2200109Ia 4500
100 ## - MAIN ENTRY--AUTHOR NAME
Personal name Sir Shaar Siddaqui
245 #0 - TITLE STATEMENT
Title Baaz deed
260 ## - PUBLICATION, DISTRIBUTION, ETC. (IMPRINT)
Place of publication Karachi
Name of publisher Fiction House
Year of publication 2013
300 ## - PHYSICAL DESCRIPTION
Number of Pages 891
942 ## - ADDED ENTRY ELEMENTS (KOHA)
Koha item type Books
Holdings
Withdrawn status Lost status Permanent Location Current Location Shelving location Date acquired Full call number Accession Number Koha item type
    MAJU MAJU   2019-09-12 910.4 1767 Books

Powered by Koha